Clínica de enfermedad pulmonar obstructiva crónica / (Registro nro. 271)

Detalles MARC
000 -LEADER
fixed length control field 01515 am a2200361 a 4500
005 - FECHA ULTIMA MODIFICACION
control field 20240524085741.0
008 - CAMPO DE CONTROL (LIBRO)
fixed length control field 100427s2009||||mx a f |||| 001 0 spa d
020 ## - INTERNATIONAL STANDARD BOOK NUMBER
ISBN 9786077504382
041 ## - CODIGO DE IDIOMA
Código de idioma del texto/pista de sonido o título separado spa
092 ## - SIGNATURA TOPOGRAFICA DEWEY LOCAL
número de clasificación 616.2
libristica 55
sección NAV
100 1# - ENTRADA PRINCIPAL--NOMBRE PERSONAL
Nombre personal Navarro Reynoso, Francisco Pascual.
9 (RLIN) 585
245 ## - TITULO PROPIAMENTE DICHO
Título Clínica de enfermedad pulmonar obstructiva crónica /
Mención de responsabilidad y remanente de la transcripción de la portada Francisco Pascual Navarro Reynoso.
250 ## - MENCION DE EDICION
Mención de edición 1a ed.
Mención de responsabilidad relacionada con la ed. Colección Platino Academia Mexicana de Cirugía
260 ## - PIE DE IMPRENTA
Lugar de publicación, distribución, etc México:
Nombre de la editorial, distribuidor, etc Alfil;
Fecha de publicación 2009.
300 ## - DESCRIPCION FISICA
Extension 159 p.
500 ## - NOTA GENERAL
Nota general Navarro Reynoso, F. P. (2009). Clínica de enfermedad pulmonar obstructiva crónica. (1a ed.). México : Alfil.
590 ## - NOTAS LOCALES (RLIN)
Nota local Donación Academia Mexicana de Cirugía, 2010
653 ## - TÉRMINO INDIZADO - PALABRAS CLAVES
Palabra clave EPOC. Definiciones
653 ## - TÉRMINO INDIZADO - PALABRAS CLAVES
Palabra clave Enfermedad pulmonar obstructiva crónica. Generalidades
653 ## - TÉRMINO INDIZADO - PALABRAS CLAVES
Palabra clave Clasificación y cuadro clínico
653 ## - TÉRMINO INDIZADO - PALABRAS CLAVES
Palabra clave Fisiopatología de la EPOC
653 ## - TÉRMINO INDIZADO - PALABRAS CLAVES
Palabra clave Pruebas de función pulmonar
653 ## - TÉRMINO INDIZADO - PALABRAS CLAVES
Palabra clave EPOC. Tratamiento
653 ## - TÉRMINO INDIZADO - PALABRAS CLAVES
Palabra clave Prevención. Manejo de los factores de riesgo. Clínica contra el tabaco
653 ## - TÉRMINO INDIZADO - PALABRAS CLAVES
Palabra clave Consideraciones nutricionales en el paciente con EPOC
653 ## - TÉRMINO INDIZADO - PALABRAS CLAVES
Palabra clave Educación y manejo de los factores de riesgo para el paciente con EPOC
653 ## - TÉRMINO INDIZADO - PALABRAS CLAVES
Palabra clave EPOC. Hipótesis holandesa
653 ## - TÉRMINO INDIZADO - PALABRAS CLAVES
Palabra clave EPOC y la contaminación ambiental
653 ## - TÉRMINO INDIZADO - PALABRAS CLAVES
Palabra clave Influencia de la infección respiratoria en el desarrollo de la EPOC
653 ## - TÉRMINO INDIZADO - PALABRAS CLAVES
Palabra clave Cirugía de reducción de volumen pulmonar
930 ## - NUMERO DE INVENTARIO
Número de inventario 2097
942 ## - ADDED ENTRY ELEMENTS (KOHA)
Source of classification or shelving scheme Dewey Decimal Classification
Item type Libros
Existencias
Estado de retiro Existencia Estado general No para prestamo Ubicación permanente ubicación actual Sala de ubicación Fecha de adquisición Total Checkouts Número de clasificación Código de barras Date last seen Número de ejemplar Price effective from Koha tipo de elemento (item)
        Biblioteca Medicina Biblioteca Medicina Circulación 13/05/2011   616.2 55 NAV 2097 06/11/2014 ej.1 13/05/2011 Libros

UNIVERSIDAD NACIONAL DEL COMAHUE
Biblioteca de la Facultad de Ciencias Médicas
Sede Toschi: Los Arrayanes y Av. Toschi, Cipolletti  - Rio Negro
Sede Los Tordos:  Yrigoyen al 2211, Cipolletti - Rio Negro 

Teléfono: 0299 - 4774707 int 25
Contacto: biblioteca@facimed.uncoma.edu.ar
© 2011 - 2026